000
00247nam a2200109Ia 4500
008
190914s9999||||xx |||||||||||||| ||und||
100
_a
Richard L. Daft
245
0
_a
Management
260
_a
New Delhi
_b
Prentice
_c
1999
300
_a
612
942
_c
BK
999
_c
8788
_d
8788